Statistics for Five Biggest Second Cities by Continent

Click here to take the quiz!

General Stats

  • This quiz has been taken 1,342 times
  • The average score is 17 of 27

Answer Stats

ContinentPopulationCity% Correct
South America13.1 milRio de Janeiro
92%
North America17.8 milLos Angeles
91%
Oceania4.85 milMelbourne
90%
Asia35.9 milShanghai
90%
Europe4.73 milBarcelona
88%
Europe5.60 milSaint Petersburg
88%
Asia20.7 milMumbai
86%
Oceania418,500Wellington
85%
Africa5.70 milAlexandria
84%
Asia17.7 milOsaka
83%
Africa4.18 milCape Town
82%
Europe3.13 milBirmingham
77%
North America4.25 milMontreal
77%
North America5.25 milGuadalajara
72%
Europe4.23 milNaples
69%
South America3.95 milMedellin
68%
Europe4.75 milBerlin
58%
Asia12.6 milLahore
58%
Africa4.55 milKano
49%
South America2.68 milQuito
41%
Asia6.85 milBandung
32%
South America2.60 milMaracaibo
29%
North America723,162Santiago
26%
South America2.08 milSanta Cruz
20%
Africa3.25 milDouala
18%
Africa2.95 milKumasi
17%
North America1.14 milTegucigalpa
12%

Score Distribution

Percentile by Number Answered

Percent of People with Each Score

Your Score History

You have not taken this quiz